[Event "Match"]
[Site "www.echecsemail.com"]
[Date "2015.11.10"]
[Round "1"]
[White "Carazo"]
[Black "Pellix84"]
[WhiteElo "1830"]
[BlackElo "1960"]
[Result "0-1"]
[Round "1"]
1.e4 c5
2.Bf1c4 Nb8c6
3.Qd1f3 e6
4.Ng1e2 Ng8f6
5.c3 d5
6.exd5 exd5
7.Bc4b5 Bc8d7
8.Qf3e3 Bf8e7
9.d4 O-O
10.dxc5 Qd8a5
11.Bb5xc6 Be7xc5
12.b4 Bc5xe3
13.bxa5 Be3xc1
14.Bc6xb7 Ra8b8
15.a4 Bc1b2
16.Ra1a2 Rb8xb7
17.O-O Rf8e8
18.Ne2d4 Nf6e4
19.f3 Bb2xc3
20.Nd4c2 Ne4d2
21.Nb1xd2 Bc3xd2
22.Kh1 Bd2xa5
23.Ra2a1 Rb7c7
24.Nc2d4 Rc7c4
25.Nd4b3 Ba5c3
26.Ra1d1 Bd7xa4
27.Rd1b1 Ba4xb3
28.Rb1xb3 a5
29.Rf1b1 Bc3b4
30.h3 h6
31.Kh2 d4
32.Rb1d1 a4
33.Rb3d3 Re8d8
34.Rd1a1 a3
35.Kg3 Rc4c2
36.Rd3d1 a2
37.Kg4 Bb4c3
38.Ra1c1 Rc2xc1
39.Rd1xc1 a1Q
40.Rc1xa1 Bc3xa1
{ resign }
0-1

[Event "Match"]
[Site "www.echecsemail.com"]
[Date "2015.11.10"]
[Round "1"]
[White "Heiserman"]
[Black "Goosebumps"]
[WhiteElo "2090"]
[BlackElo "2100"]
[Result "1-0"]
[Round "1"]
1.d4 Ng8f6
2.c4 e5
3.dxe5 Nf6g4
4.Ng1f3 Nb8c6
5.Bc1f4 f6
6.exf6 Qd8xf6
7.Qd1d2 Bf8b4
8.Nb1c3 d6
9.e3 O-O
10.Bf1e2 Ng4e5
11.Nf3xe5 Nc6xe5
12.a3 Bb4a5
13.Qd2d5 Kh8
14.Qd5xa5 c6
15.Ra1d1 b6
16.Qa5a4 Bc8d7
17.Nc3e4 { resign }
1-0

[Event "1/8 Finale"]
[Site "www.chess-mail.com"]
[Date "2015.11.10"]
[Round "1"]
[White "George1955"]
[Black "Asoka"]
[WhiteElo "2730"]
[BlackElo "2670"]
[Result "1-0"]
[Round "1"]
1.e4 e5
2.Ng1f3 Nb8c6
3.Bf1b5 a6
4.Bb5a4 Ng8f6
5.O-O Bf8e7
6.Rf1e1 b5
7.Ba4b3 d6
8.c3 O-O
9.h3 Nc6a5
10.Bb3c2 c5
11.d4 cxd4
12.cxd4 Bc8b7
13.d5 Na5c4
14.a4 Nc4b6
15.Bc1d2 Nb6xa4
16.Bc2xa4 bxa4
17.Ra1xa4 Nf6d7
18.Bd2e3 a5
19.Qd1b3 Bb7a6
20.Nb1c3 Qd8c7
21.Qb3a3 Nd7b6
22.Be3xb6 Qc7xb6
23.Ra4xa5 Ba6b7
24.b4 g6
25.Nc3b5 Rf8c8
26.Re1a1 Kf8
27.Nf3d2 Ra8xa5
28.Qa3xa5 Qb6xa5
29.Ra1xa5 Rc8c2
30.Nd2f1 f5
31.Ra5a7 Bb7c8
32.Ra7a8 Kf7
33.Nb5a3 Rc2c1
34.b5 Be7d8
35.Kh2 Bd8b6
36.Nf1e3 Ke7
37.Na3c4 Bb6xe3
38.Nc4xe3 f4
39.Ne3g4 Kd8
40.Ng4f6 h5
41.h4 Ke7
42.Nf6h7 Bc8d7
43.b6 Rc1b1
44.Ra8g8 Rb1xb6
45.Rg8g7 Kd8
46.f3 Bd7b5
47.Rg7xg6 Ke7
48.Rg6g7 Kd8
49.Nh7f6 { resign }
1-0

[Event "Finale"]
[Site "www.chess-mail.com"]
[Date "2015.11.10"]
[Round "1"]
[White "Maxiboi"]
[Black "Conde7"]
[WhiteElo "2870"]
[BlackElo "2860"]
[Result "1-0"]
[Round "1"]
1.Ng1f3 Ng8f6
2.c4 e6
3.g3 d5
4.d4 dxc4
5.Bf1g2 a6
6.Nf3e5 Bf8b4
7.Nb1c3 Nf6d5
8.O-O Nd5xc3
9.bxc3 Bb4xc3
10.Ra1b1 Qd8xd4
11.Qd1a4 b5
12.Qa4a3 Qd4xe5
13.Bc1f4 Qe5f6
14.Bf4xc7 Bc3e5
15.Bc7xe5 Qf6xe5
16.Bg2xa8 Qe5c7
17.Ba8g2 h5
18.h4 Qc7e7
19.Qa3e3 O-O
20.a4 Bc8d7
21.Qe3a7 Rf8e8
22.Rf1d1 Kh7
23.Rd1d4 f5
24.Rb1c1 Re8c8
25.Kh2 Qe7d8
26.Rd4d6 Qd8e7
27.Qa7b6 c3
28.a5 Qe7f8
29.f4 Qf8e7
30.Bg2b7 Rc8c4
31.Bb7f3 Nb8c6
32.Rd6d3 e5
33.Rd3xc3 exf4
34.Rc3xc4 fxg3
35.Kxg3 bxc4
36.Rc1xc4 Nc6e5
37.Qb6e3 Qe7f6
38.Rc4d4 Ne5g6
39.Kh2 f4
40.Qe3f2 Bd7g4
41.Rd4d5 Kh6
42.Bf3e4 Qf6e6
43.Qf2d4 Qe6e7
44.Kg1 Ng6xh4
45.Rd5d6 g6
46.Kf2 Nh4f5
47.Qd4h8 Kg5
48.Qh8d8 Qe7xd8
49.Rd6xd8 Nf5g3
50.Be4d3 h4
51.Bd3xa6 { resign }
1-0

[Event "1/32 Finale"]
[Site "www.chess-mail.com"]
[Date "2015.11.10"]
[Round "1"]
[White "Mitja"]
[Black "Asoka"]
[WhiteElo "2060"]
[BlackElo "2670"]
[Result "0-1"]
[Round "1"]
1.d4 d5
2.e3 Ng8f6
3.h3 Bc8f5
4.c3 e6
5.Ng1f3 Bf8d6
6.Bf1e2 O-O
7.Nf3e5 Nb8d7
8.f4 Nf6e4
9.Qd1b3 Qd8h4
10.Kd1 Ne4f2
{ resign }
0-1

[Event "Fast Game"]
[Site "www.echecsemail.com"]
[Date "2015.11.10"]
[Round "1"]
[White "Mitja"]
[Black "Bojan"]
[WhiteElo "1740"]
[BlackElo "1740"]
[Result "1-0"]
[Round "1"]
1.d4 d5
2.e3 a6
3.c3 Qd8d6
4.h3 Nb8c6
5.Nb1d2 e5
6.dxe5 Nc6xe5
7.Nd2b3 Ng8f6
8.Ng1f3 h6
9.Nf3xe5 Qd6xe5
10.Bf1e2 b6
11.Nb3d4 Bc8d7
12.Nd4f3 Qe5d6
13.Be2d3 c5
14.Bd3c2 Bd7c6
15.Bc2a4 b5
16.Ba4c2 Ra8d8
17.b3 Qd6e6
18.O-O Bf8d6
19.Rf1e1 Nf6e4
20.Bc1b2 Kd7
21.b4 Kc7
22.bxc5 Ne4f6
23.cxd6 Rd8xd6
24.Nf3d4 Qe6d7
25.Nd4xc6 Qd7xc6
26.a4 Nf6e4
27.axb5 Qc6xb5
28.Ra1b1 Qb5c6
29.Bc2a4 Qc6c4
30.Bb2a3 Rd6d8
31.Ba3b4 Ne4c5
32.Bb4a5 Kc8
33.Rb1b4 Nc5xa4
34.Rb4xc4 dxc4
35.Ba5xd8 { resign }
1-0

[Event "Fast Game"]
[Site "www.echecsemail.com"]
[Date "2015.11.10"]
[Round "1"]
[White "Goosebumps"]
[Black "Jhw"]
[WhiteElo "1829"]
[BlackElo "1730"]
[Result "1-0"]
[Round "1"]
1.d4 c5
2.Ng1f3 d5
3.Nb1c3 Qd8a5
4.dxc5 Qa5xc5
5.Qd1xd5 e6
6.Qd5xc5 Bf8xc5
7.e4 Nb8c6
8.Bc1f4 f6
9.Nc3b5 Kd7
10.O-O-O Ke7
11.Nb5c7 e5
12.Nc7xa8 exf4
13.Na8c7 Kf7
14.Bf1c4 Kg6
15.Nf3h4 Kh5
16.Rd1d5 Nc6e5
17.Nh4f3 Bc5xf2
18.Nf3xe5 fxe5
19.Rd5xe5 g5
20.Nc7d5 Kg4
21.Bc4e2 Kh4
22.g3 Kh3
23.Re5xg5 Kg2
24.Rh1f1 fxg3
25.Nd5f4 { resign }
1-0

[Event "Tourn. n8452"]
[Site "www.chess-mail.com"]
[Date "2015.11.11"]
[Round "1"]
[White "Norlavuaram"]
[Black "Cathar"]
[WhiteElo "2230"]
[BlackElo "2280"]
[Result "0-1"]
[Round "1"]
1.e4 e6
2.d4 d5
3.Nb1d2 Ng8f6
4.e5 Nf6d7
5.c3 c5
6.Bf1d3 Nb8c6
7.Ng1e2 cxd4
8.cxd4 f6
9.exf6 Nd7xf6
10.O-O Bf8d6
11.f4 O-O
12.Nd2f3 Bc8d7
13.Nf3e5 Qd8b6
14.Kh1 Bd6xe5
15.dxe5 Nf6g4
16.Qd1e1 Nc6xe5
17.fxe5 Rf8xf1
18.Qe1xf1 Ng4f2
19.Kg1 Nf2xd3
20.Kh1 Ra8f8
21.Ne2f4 Nd3xf4
22.Bc1xf4 g5
23.Qf1d1 Rf8xf4
24.h3 Qb6e3
25.Qd1h5 Rf4h4
26.Qh5d1 d4
27.Ra1c1 Bd7c6
28.Qd1e1 Rh4xh3
{ resign }
0-1

[Event "Tourn. n8367"]
[Site "www.chess-mail.com"]
[Date "2015.11.11"]
[Round "1"]
[White "Chiccogianca"]
[Black "Falcoale"]
[WhiteElo "2080"]
[BlackElo "1940"]
[Result "1-0"]
[Round "1"]
1.b3 c5
2.Bc1b2 Nb8c6
3.g3 e6
4.Bf1g2 d5
5.e3 Ng8f6
6.d3 Bf8e7
7.Ng1e2 O-O
8.Nb1d2 Nf6d7
9.O-O f5
10.f4 Nd7f6
11.h3 b6
12.Nd2f3 Bc8b7
13.a3 Nf6d7
14.Qd1d2 Ra8b8
15.d4 Bb7a6
16.Rf1e1 c4
17.Nf3e5 Nd7xe5
18.dxe5 Nc6a5
19.b4 Na5c6
20.Ne2d4 Nc6xd4
21.Bb2xd4 Ba6b5
22.c3 Bb5a4
23.Bg2f3 Ba4e8
24.a4 a6
25.a5 b5
26.Bd4b6 Rb8xb6
27.axb6 Qd8xb6
28.Kg2 Be8c6
29.Ra1a2 Rf8a8
30.Re1a1 Bc6b7
31.Kf2 Qb6d8
32.Qd2d4 g5
33.Ra1h1 a5
34.bxa5 Ra8xa5
35.Rh1a1 Ra5xa2
36.Ra1xa2 Qd8c8
37.Qd4b6 Be7c5
38.Qb6xb5 Bc5f8
39.Bf3h5 Bb7c6
40.Qb5b6 Bc6e8
41.Bh5f3 Bf8c5
42.Qb6a6 Bc5f8
43.Qa6xc8 { resign }
1-0

[Event "Tourn. n8441"]
[Site "www.chess-mail.com"]
[Date "2015.11.11"]
[Round "1"]
[White "Kevinking"]
[Black "Hansen"]
[WhiteElo "1530"]
[BlackElo "1530"]
[Result "1-0"]
[Round "1"]
1.d4 e5
2.dxe5 Bf8c5
3.Ng1f3 Nb8c6
4.e4 h6
5.Bf1b5 Nc6b4
6.a3 Nb4c6
7.O-O Nc6e7
8.b4 Bc5b6
9.Bc1b2 c6
10.Bb5a4 Ne7g6
11.c4 d5
12.exd5 Ng6f4
13.dxc6 Qd8xd1
14.Rf1xd1 Nf4e2
15.Kf1 Ne2f4
16.cxb7 { resign }
1-0

[Event "Tourn. n8379"]
[Site "www.chess-mail.com"]
[Date "2015.11.11"]
[Round "1"]
[White "Paes19"]
[Black "Osopanda"]
[WhiteElo "2000"]
[BlackElo "1920"]
[Result "1-0"]
[Round "1"]
1.e4 c5
2.Ng1f3 d6
3.Nb1c3 e6
4.Bf1c4 Ng8f6
5.O-O Bf8e7
6.d4 cxd4
7.Qd1xd4 Nb8c6
8.Qd4d1 O-O
9.Rf1e1 a6
10.a3 b5
11.Bc4a2 Bc8b7
12.b4 Qd8c7
13.Bc1b2 Rf8d8
14.Nc3b1 Ra8c8
15.Nb1d2 e5
16.h3 Nc6d4
17.Nf3xd4 exd4
18.Ba2b3 d5
19.Bb2xd4 Nf6xe4
20.Qd1g4 Be7f6
21.Re1xe4 dxe4
22.Bd4xf6 g6
23.Bf6xd8 Rc8xd8
24.Nd2xe4 Bb7xe4
25.Qg4xe4 Qc7c3
26.Ra1e1 Kg7
27.Qe4e7 Qc3f6
28.Qe7c7 Rd8d2
29.f3 Qf6d4
30.Kh2 Qd4d6
31.Qc7xd6 Rd2xd6
32.Re1e7 Rd6f6
33.Re7a7 h6
34.c4 bxc4
35.Bb3xc4 { resign }
1-0

[Event "Tourn. n8422"]
[Site "www.chess-mail.com"]
[Date "2015.11.11"]
[Round "1"]
[White "Cathar"]
[Black "Greghghs"]
[WhiteElo "2260"]
[BlackElo "2480"]
[Result "1-0"]
[Round "1"]
1.e4 c5
2.Ng1f3 d6
3.d4 cxd4
4.Nf3xd4 Ng8f6
5.Nb1c3 Nb8c6
6.Bf1c4 e6
7.Bc1e3 Bf8e7
8.Bc4b3 O-O
9.f4 Qd8a5
10.O-O Bc8d7
11.Qd1f3 Nc6xd4
12.Be3xd4 Bd7c6
13.Ra1e1 Nf6d7
14.f5 e5
15.Bd4e3 Nd7c5
16.Bb3d5 Nc5d7
17.g4 Kh8
18.g5 f6
19.g6 Bc6xd5
20.Nc3xd5 Qa5d8
21.Qf3h5 { resign }
1-0

[Event "Tourn. n8407"]
[Site "www.chess-mail.com"]
[Date "2015.11.11"]
[Round "1"]
[White "Dulap"]
[Black "Nikas"]
[WhiteElo "1619"]
[BlackElo "1499"]
[Result "1-0"]
[Round "1"]
1.e4 e5
2.Ng1f3 Nb8c6
3.Bf1b5 a6
4.Bb5a4 b5
5.Ba4b3 Ng8f6
6.O-O Bf8c5
7.c3 Bc5b6
8.d4 d6
9.Bc1g5 O-O
10.dxe5 Nc6xe5
11.Nf3xe5 dxe5
12.Qd1xd8 Rf8xd8
13.Bg5xf6 gxf6
14.Nb1a3 Bc8e6
15.Ra1d1 c6
16.Na3c2 Rd8xd1
17.Rf1xd1 Ra8d8
18.Rd1xd8 Bb6xd8
19.Nc2b4 Be6c8
20.Nb4xc6 Bd8c7
21.Nc6e7 Kg7
22.Ne7xc8 Kf8
23.Nc8a7 Ke7
24.Na7c6 Kd6
25.Nc6b4 a5
26.Nb4a6 Bc7d8
27.Bb3xf7 Kc6
28.b4 axb4
29.Na6xb4 Kb6
30.h4 Ka5
31.Nb4c6 { resign }
1-0

[Event "Tourn. n8461"]
[Site "www.chess-mail.com"]
[Date "2015.11.11"]
[Round "1"]
[White "Dulap"]
[Black "Caspito"]
[WhiteElo "1689"]
[BlackElo "1780"]
[Result "1-0"]
[Round "1"]
1.e4 e5
2.Ng1f3 Nb8c6
3.Bf1c4 h6
4.d4 exd4
5.Nf3xd4 Qd8f6
6.Bc1e3 a6
7.Nb1c3 Bf8b4
8.O-O Bb4xc3
9.bxc3 Nc6e5
10.Bc4b3 Qf6g6
11.Rf1e1 d6
12.f4 Ne5g4
13.f5 Qg6h5
14.h3 Ng8f6
15.Nd4f3 O-O
16.hxg4 Nf6xg4
17.Be3f4 g6
18.Nf3h2 gxf5
19.Nh2xg4 fxg4
20.g3 Qh5c5
21.Kg2 h5
22.Qd1d4 Qc5xd4
23.cxd4 Kg7
24.Re1h1 Kg6
25.c4 b6
26.Bb3c2 Kf6
27.Rh1xh5 b5
28.e5 dxe5
29.Bf4xe5 Ke7
30.Be5xc7 Bc8b7
31.Kf2 Ra8c8
32.Bc7b6 Rc8xc4
33.Bc2b3 Rc4c8
34.Bb6c5 Rc8xc5
35.Rh5xc5 { resign }
1-0

[Event "Tourn. n8426"]
[Site "www.chess-mail.com"]
[Date "2015.11.11"]
[Round "1"]
[White "Julian"]
[Black "Crull"]
[WhiteElo "1770"]
[BlackElo "1740"]
[Result "1-0"]
[Round "1"]
1.e4 c5
2.Ng1f3 d6
3.c3 Ng8f6
4.d3 Bc8g4
5.Bf1e2 Nb8c6
6.O-O e5
7.Bc1e3 Bf8e7
8.h3 Bg4h5
9.Nb1d2 O-O
10.Rf1e1 a5
11.d4 Bh5g6
12.Nf3h4 Bg6xe4
13.Nd2xe4 Nf6xe4
14.Nh4f5 Be7f6
15.dxc5  { time }
1-0

[Event "Tourn. n8409"]
[Site "www.chess-mail.com"]
[Date "2015.11.11"]
[Round "1"]
[White "Emiondi"]
[Black "Llcervello"]
[WhiteElo "1499"]
[BlackElo "1670"]
[Result "1-0"]
[Round "1"]
1.d4 d5
2.c4 Ng8f6
3.Ng1f3 Bc8d7
4.cxd5 Nf6xd5
5.e4 Nd5f6
6.Nb1c3 Bd7g4
7.Bf1e2 c6
8.h3 Bg4xf3
9.Be2xf3 b5
10.a3 e6
11.O-O Bf8e7
12.b4 h5
13.e5 Nf6d5
14.Nc3xd5 cxd5
15.Bf3xh5 g6
16.Bh5e2 Qd8c7
17.Be2xb5 Nb8d7
18.Qd1a4 O-O
19.Bb5xd7 a6
20.Bc1e3 a5
21.Qa4c6 Ra8a7
22.Qc6xc7 Ra7xc7
23.Bd7a4 axb4
24.axb4 Be7xb4
25.Ra1c1 Rc7a7
26.Ba4c2 Rf8c8
27.Bc2d3 Rc8a8
28.Be3g5 Ra7a3
29.Bd3e2 Bb4c3
30.Rf1d1 Ra8a4
31.Bg5f6 Bc3xd4
32.Rc1c8 Kh7
33.Rc8h8 { resign }
1-0

[Event "Tourn. n8374"]
[Site "www.chess-mail.com"]
[Date "2015.11.11"]
[Round "1"]
[White "Osopanda"]
[Black "Jhw"]
[WhiteElo "1930"]
[BlackElo "1900"]
[Result "1/2-1/2"]
[Round "1"]
1.c4 g6
2.d4 c5
3.d5 Bf8g7
4.Nb1c3 a6
5.e4 Bg7xc3
6.bxc3 f6
7.f4 d6
8.Ng1f3 Bc8g4
9.Bf1e2 Nb8d7
10.O-O b5
11.cxb5 axb5
12.Be2xb5 Ng8h6
13.h3 Bg4h5
14.Qd1d3 g5
15.fxg5 fxg5
16.Nf3xg5 Qd8b6
17.a4 O-O-O
18.a5 Qb6a7
19.Ng5e6 Nd7e5
20.Bb5a6 Kb8
21.Qd3b5 Ka8
22.Bc1xh6 Rd8b8
23.Qb5a4 Rh8g8
24.Ra1b1 Rb8xb1
25.Rf1xb1 c4
26.Ne6d4 Qa7xa6
27.Nd4c6 Ne5f3
28.Kh1 Nf3d2
29.Bh6xd2 Bh5g6
30.Rb1b6 Qa6c8
31.Nc6xe7 Qc8xh3
32.gxh3 Bg6xe4
33.Kh2 Rg8g2
{ draw }
1/2-1/2

[Event "Tourn. n8439"]
[Site "www.chess-mail.com"]
[Date "2015.11.11"]
[Round "1"]
[White "Liencam2"]
[Black "Panham"]
[WhiteElo "2280"]
[BlackElo "2150"]
[Result "1-0"]
[Round "1"]
1.e4 e6
2.Qd1e2 c5
3.Nb1c3 Bf8e7
4.g3 d5
5.d3 d4
6.Nc3b1 e5
7.Ng1f3 Nb8c6
8.Bf1g2 Ng8f6
9.h3 Bc8e6
10.O-O O-O
11.Nf3g5 Be6d7
12.f4 h6
13.Ng5f3 Qd8c7
14.Nb1a3 a6
15.Na3c4 b5
16.Nc4xe5 Nc6xe5
17.Nf3xe5 Rf8d8
18.Ne5xd7 Qc7xd7
19.e5 Nf6d5
20.Bc1d2 Ra8c8
21.Ra1e1 c4
22.f5 Be7f8
23.Qe2g4 Kh8
24.e6 fxe6
25.fxe6 Qd7e7
26.Rf1f7 Nd5f6
27.Qg4g6 Qe7c5
28.Bd2xh6 { resign }
1-0

[Event "Tourn. n8356"]
[Site "www.chess-mail.com"]
[Date "2015.11.11"]
[Round "1"]
[White "Francesco"]
[Black "Piwi123"]
[WhiteElo "2000"]
[BlackElo "2110"]
[Result "0-1"]
[Round "1"]
1.e4 e5
2.Ng1f3 Ng8f6
3.Bf1c4 Nb8c6
4.Nb1c3 Bf8c5
5.d3 O-O
6.O-O d6
7.Kh1 Bc8g4
8.h3 Bg4xf3
9.Qd1xf3 Nc6d4
10.Qf3d1 c6
11.f4 b5
12.Bc4b3 a5
13.a3 a4
14.Bb3a2 h6
15.fxe5 dxe5
16.Bc1e3 Qd8e7
17.Qd1d2 Nf6h5
18.Kh2 Nh5f4
19.Be3xf4 exf4
20.Rf1xf4 Bc5d6
21.Ra1f1 g5
22.Qd2d1 gxf4
23.Qd1g4 Kh7
24.Rf1f2 f3
25.Kg1 Qe7e5
26.gxf3 Rf8g8
{ resign }
0-1

[Event "Tourn. n8477"]
[Site "www.chess-mail.com"]
[Date "2015.11.11"]
[Round "1"]
[White "Jhw"]
[Black "Goosebumps"]
[WhiteElo "1910"]
[BlackElo "2110"]
[Result "1-0"]
[Round "1"]
1.Ng1f3 d5
2.c4 c6
3.e3 Ng8f6
4.Nb1c3 Bc8g4
5.cxd5 cxd5
6.Qd1a4 Qd8d7
7.Bf1b5 Nb8c6
8.Nf3e5 Qd7e6
9.Ne5xc6 bxc6
10.Bb5xc6 Nf6d7
11.Bc6xa8 Kd8
12.Ba8xd5 Qe6d6
13.Qa4xa7 e6
14.Nc3b5 Qd6xd5
15.Qa7a5 Ke7
16.b3 Qd5xg2
17.Bc1a3 Kf6
18.Ba3b2 Kg6
19.Rh1f1 Bf8e7
20.Qa5c3 Be7f6
21.Nb5d4 Qg2xh2
22.f3 Bg4h3
23.Qc3d3 Kh6
24.O-O-O Bh3xf1
25.Qd3xf1 Rh8c8
26.Kb1 g6
27.f4 Kg7
28.Nd4f3 Qh2h5
29.Bb2xf6 Nd7xf6
30.Nf3e5 Nf6d5
31.a3 f6
32.Ne5c4 Qh5f5
33.Kb2 Rc8b8
34.d3 Nd5b6
35.Nc4xb6 Qf5b5
36.b4 Qb5xb6
37.d4 f5
38.Rd1c1 h5
39.Qf1g2 Kf6
40.Qg2g5 Kf7
41.Rc1g1 Rb8g8
42.Qg5g2 Qb6b5
43.Rg1c1 Qb5b6
44.Qg2f3 Rg8d8
45.Rc1c4 Rd8d6
46.Kb3 Rd6d5
47.Rc4c5 Rd5d6
48.a4 Rd6d8
49.a5 Qb6a7
50.Qf3d1 Rd8b8
51.Qd1c2 Rb8b7
52.Qc2c4 Ke7
53.a6 Rb7d7
54.b5 Kf6
55.Rc5c6 h4
56.Qc4xe6 Kg7
57.Qe6xg6 Kf8
58.Rc6f6 Ke7
59.Qg6f7 Kd8
60.Qf7f8 Kc7
61.Rf6c6 
1-0

[Event "Tourn. n8368"]
[Site "www.chess-mail.com"]
[Date "2015.11.11"]
[Round "1"]
[White "Madz123456"]
[Black "Darko10"]
[WhiteElo "2220"]
[BlackElo "2450"]
[Result "1/2-1/2"]
[Round "1"]
1.e4 d6
2.d4 Ng8f6
3.Nb1c3 g6
4.Ng1f3 Bf8g7
5.Bf1e2 O-O
6.O-O a6
7.a4 Nb8c6
8.Bc1e3 d5
9.e5 Nf6g4
10.Be3f4 f6
11.exf6 Ng4xf6
12.Qd1d2 Nf6h5
13.Bf4e3 Bc8g4
14.Ra1d1 Qd8d6
15.Nf3e5 Bg4xe2
16.Nc3xe2 Nc6xe5
17.dxe5 Qd6xe5
18.Qd2xd5 Qe5xd5
19.Rd1xd5 Ra8d8
20.Rd5d1 Rd8d6
21.f3 Bg7xb2
22.Rd1b1 Rd6e6
23.Be3h6 Bb2g7
24.Bh6xg7 Nh5xg7
25.Ne2c3 Re6c6
26.Nc3d5 Rc6c5
27.c4 e6
28.Nd5c3 Rc5xc4
29.Nc3e4 b6
30.Rf1c1 Rc4xc1
31.Rb1xc1 Rf8c8
32.Rc1c6 a5
33.g4 e5
34.Ne4f6 Kf7
35.Nf6xh7 Ng7e6
36.h4 Ke7
37.Nh7g5 Ne6f4
38.Kf2 Kd7
39.Rc6f6 Rc8d8
40.Kg3 Rd8e8
41.Rf6f7 Re8e7
42.Rf7f8 Kd6
43.Ng5e4 Kd5
44.Ne4f6 Kc4
45.h5 gxh5
46.gxh5 Nf4xh5
47.Nf6xh5 Kb3
48.f4 exf4
49.Rf8xf4 c5
50.Kf2 c4
51.Nh5g3 Re7c7
52.Rf4f6 Rc7b7
53.Ng3e4 Kxa4
54.Ke3 Rb7b8
55.Kd4 Kb4
56.Ne4c3 b5
57.Rf6f3 a4
{ draw }
1/2-1/2

[Event "Tourn. n8373"]
[Site "www.chess-mail.com"]
[Date "2015.11.11"]
[Round "1"]
[White "Madz123456"]
[Black "Jaroslavpech"]
[WhiteElo "2220"]
[BlackElo "2210"]
[Result "1-0"]
[Round "1"]
1.e4 c6
2.d4 d5
3.Nb1d2 dxe4
4.Nd2xe4 Bc8f5
5.Ne4g3 Bf5g6
6.h4 h6
7.Ng1f3 Nb8d7
8.h5 Bg6h7
9.Bf1d3 Bh7xd3
10.Qd1xd3 e6
11.Bc1d2 Ng8f6
12.O-O-O  { time }
1-0

[Event "Tourn. n8465"]
[Site "www.chess-mail.com"]
[Date "2015.11.11"]
[Round "1"]
[White "Goosebumps"]
[Black "Norlavuaram"]
[WhiteElo "2020"]
[BlackElo "2260"]
[Result "1-0"]
[Round "1"]
1.e4 e5
2.f4 exf4
3.Ng1f3 d6
4.Bf1c4 h6
5.d4 g5
6.h4 Bf8g7
7.c3 Bc8g4
8.Qd1b3 Nb8d7
9.Bc4xf7 Kf8
10.hxg5 Bg4xf3
11.gxf3 Ng8e7
12.Bf7h5 d5
13.exd5 Ne7f5
14.Bc1xf4 hxg5
15.Qb3c2 Qd8f6
16.Bf4xc7 Ra8e8
17.Kf2 Nf5e3
18.Qc2a4 g4
19.Nb1d2 g3
20.Bc7xg3 Re8e7
21.Bg3h4 Ne3g4
22.Bh5xg4 Rh8xh4
23.Bg4xd7 Bg7h6
24.Nd2c4 Rh4f4
25.Rh1h3 Bh6g5
26.Ra1h1 Rf4h4
27.Nc4e5 Qf6h6
28.Qa4xa7 { resign }
1-0

[Event "Tourn. n8459"]
[Site "www.chess-mail.com"]
[Date "2015.11.11"]
[Round "1"]
[White "Norlavuaram"]
[Black "Goosebumps"]
[WhiteElo "2260"]
[BlackElo "2160"]
[Result "1-0"]
[Round "1"]
1.e4 Nb8c6
2.Ng1f3 e5
3.Bf1b5 a6
4.Bb5a4 Bf8c5
5.O-O Ng8f6
6.d3 b5
7.Ba4b3 d6
8.c3 O-O
9.h3 Bc8b7
10.Nb1d2 h6
11.Rf1e1 Rf8e8
12.Nd2f1 Bc5b6
13.Nf1g3 d5
14.Bb3c2 dxe4
15.dxe4 Kh7
16.Qd1e2 Qd8e7
17.Bc1e3 Bb6xe3
18.Qe2xe3 Bb7c8
19.Ra1d1 Bc8e6
20.Bc2b1 Ra8d8
21.Qe3c1 Nf6d7
22.Ng3f5 Be6xf5
23.exf5 f6
24.g4 Nd7b6
25.g5 hxg5
26.Nf3xg5 Kh8
27.Ng5e6 Rd8xd1
28.Qc1xd1 Nc6d8
29.Qd1h5 Kg8
30.Ne6xc7 Re8f8
31.Nc7xa6 Nb6d5
32.Qh5g4 Nd8f7
33.Qg4d1 Rf8d8
34.Qd1b3 Qe7b7
35.Na6b4 Nd5f4
36.Bb1e4 Qb7b6
37.Re1e3 Kf8
38.Nb4d5 Nf4xd5
39.Be4xd5 Nf7d6
40.Bd5e6 Nd6b7
41.Qb3b4 Ke8
42.Qb4h4 Rd8d1
43.Kh2 g5
44.Qh4h5 { resign }
1-0

[Event "Match"]
[Site "www.echecsemail.com"]
[Date "2015.11.11"]
[Round "1"]
[White "Jhw"]
[Black "Fangshuo"]
[WhiteElo "1950"]
[BlackElo "2210"]
[Result "1-0"]
[Round "1"]
1.c4 e5
2.e4 Ng8f6
3.Qd1e2 Nb8c6
4.Ng1f3 b6
5.a3 Bc8b7
6.Nb1c3 d6
7.b4 Bf8e7
8.Qe2d3 O-O
9.Bf1e2 Nf6h5
10.Nc3d5 Qd8d7
11.g3 Be7d8
12.Qd3e3 f5
13.c5 Nc6e7
14.Qe3g5 g6
15.Qg5h6 fxe4
16.Nd5xe7 Bd8xe7
17.Nf3h4 Be7xh4
18.Be2xh5 gxh5
19.gxh4 e3
20.Rh1g1 Kh8
21.dxe3 Rf8g8
22.Qh6f6 Rg8g7
23.cxd6 cxd6
24.e4 Kg8
25.Rg1xg7 Qd7xg7
26.Qf6e6 Kh8
27.Bc1h6 Qg7g6
28.Qe6xg6 hxg6
29.f3 Ra8f8
30.Bh6xf8 { resign }
1-0

[Event "Match"]
[Site "www.echecsemail.com"]
[Date "2015.11.11"]
[Round "1"]
[White "Coraza8091"]
[Black "Chtoubidou"]
[WhiteElo "1659"]
[BlackElo "1970"]
[Result "0-1"]
[Round "1"]
1.e4 c6
2.Qd1f3 d5
3.d3 e5
4.d4 exd4
5.exd5 Bf8b4
6.c3 dxc3
7.bxc3 Bb4a5
8.Qf3e4 Qd8e7
9.Qe4xe7 Ng8xe7
10.Ng1f3 Ne7xd5
11.Bf1c4 Nd5xc3
12.O-O O-O
13.Bc1d2 Nc3xb1
14.Bd2xa5 Nb1a3
15.Ra1c1 Na3xc4
16.Rc1xc4 Bc8e6
17.Rc4a4 Nb8d7
18.Ra4h4 b6
19.Ba5b4 Rf8d8
20.Nf3g5 h6
21.Ng5e4 c5
22.Bb4c3 Be6f5
23.Ne4g3 Bf5h7
24.Rh4g4 g5
25.f4 f6
26.fxg5 fxg5
27.h4 Rd8f8
28.hxg5 Rf8xf1
29.Ng3xf1 h5
30.Rg4h4 Bh7g6
31.g4 Ra8f8
32.gxh5 Bg6d3
33.Nf1g3 Rf8f3
34.Kg2 Rf3e3
35.Kf2 Re3e6
36.Kf3 Nd7e5
37.Bc3xe5 Re6xe5
38.Kf4 Re5e1
39.h6 Bd3h7
40.Ng3h5 Re1e4
41.Kg3 Re4xh4
42.Kxh4 c4
43.Nh5g3 c3
44.Ng3e2 c2
45.Kh5 Bh7d3
46.Ne2c1 Bd3e4
47.g6 b5
48.h7 Kg7
49.h8Q Kxh8
50.Kh6 a5
51.a3 b4
52.axb4 axb4
53.Nc1b3 Kg8
54.Nb3c1 Be4d5
55.g7 b3
{ resign }
0-1

[Event "Match"]
[Site "www.echecsemail.com"]
[Date "2015.11.11"]
[Round "1"]
[White "Genius7"]
[Black "Heiserman"]
[WhiteElo "1730"]
[BlackElo "2110"]
[Result "1-0"]
[Round "1"]
1.d4 Ng8f6
2.c4 c5
3.Ng1f3 g6
4.g3 Bf8g7
5.Bf1g2 O-O
6.O-O cxd4
7.Nf3xd4 Nb8c6
8.Nd4xc6 dxc6
9.Qd1c2 Bc8f5
10.e4 Bf5e6
11.h3 Qd8d4
12.Nb1a3  { time }
1-0

[Event "Match"]
[Site "www.echecsemail.com"]
[Date "2015.11.11"]
[Round "1"]
[White "Ruko"]
[Black "Coraza"]
[WhiteElo "1970"]
[BlackElo "1680"]
[Result "1-0"]
[Round "1"]
1.e4 e5
2.Ng1f3 Ng8f6
3.Nf3xe5 Nf6xe4
4.Qd1e2 Ne4f6
5.Ne5c6 Bf8e7
6.Nc6xd8 O-O
7.Qe2f3 Be7xd8
8.Bf1e2 Rf8e8
9.O-O Nb8c6
10.c3 Nc6e5
11.Qf3g3 c5
12.Rf1e1 Bd8c7
13.f4 Ne5g6
14.d3 d5
15.Bc1d2 b5
16.Nb1a3 a6
17.Be2h5 Re8xe1
18.Ra1xe1 Bc8f5
19.Bh5xg6 hxg6
20.Na3c2 Nf6h5
21.Qg3f3 Nh5f6
22.g4 Bf5xg4
23.Qf3g2 Ra8d8
24.Nc2e3 Bg4h5
25.h3 Bc7xf4
26.Ne3g4 Bf4c7
27.Ng4xf6 gxf6
28.Re1e7 Bc7d6
29.Re7a7 a5
30.Ra7xa5 Rd8e8
31.Qg2xd5 Re8d8
32.Ra5a8 Rd8xa8
33.Qd5xa8 Kg7
34.Qa8c6 Bd6e7
35.Qc6xb5 g5
36.a4 Bh5e2
37.a5 Be2f3
38.a6 g4
39.hxg4 Bf3xg4
40.a7 Bg4f3
41.Qb5e8 Be7f8
42.a8Q Bf3xa8
43.Qe8xa8 Bf8e7
44.Bd2e3 f5
45.Qa8d5 Kg6
46.Be3xc5 { resign }
1-0

[Event "Match"]
[Site "www.echecsemail.com"]
[Date "2015.11.11"]
[Round "1"]
[White "Goosebumps"]
[Black "Calponas"]
[WhiteElo "2140"]
[BlackElo "2050"]
[Result "1/2-1/2"]
[Round "1"]
1.e4 c5
2.Ng1f3 d6
3.d4 cxd4
4.Nf3xd4 Ng8f6
5.Nb1c3 a6
6.Bc1e3 e5
7.Nd4f3 Bf8e7
8.Bf1c4 O-O
9.O-O Nb8c6
10.h3 b5
11.Bc4d5 Bc8b7
12.a3 Ra8c8
13.b4 Qd8d7
14.Rf1e1 Rf8d8
15.Be3b6 Rd8e8
16.Qd1d2 Be7f8
17.Nf3g5 Nf6xd5
18.Nc3xd5 Nc6e7
19.Re1e3 Bb7xd5
20.exd5 Rc8c4
21.Qd2d3 Qd7f5
22.Qd3xf5 { draw }
1/2-1/2

[Event "Match"]
[Site "www.echecsemail.com"]
[Date "2015.11.11"]
[Round "1"]
[White "Carlosto"]
[Black "Wilddog"]
[WhiteElo "1480"]
[BlackElo "1390"]
[Result "0-1"]
[Round "1"]
1.d4 d5
2.e3 c6
3.Nb1d2 Nb8d7
4.e4 e5
5.f3 Ng8h6
6.Ng1e2 Nd7f6
7.dxe5 Nf6d7
8.f4 b5
9.Ne2c3 a6
10.exd5 cxd5
11.Nc3xd5 Nh6f5
12.c4 Ra8b8
13.Bf1d3 Nf5e3
14.Qd1e2 Bf8c5
15.b4 Bc5d4
16.Ra1b1 O-O
17.Bc1b2 Bd4a7
18.Nd2b3 f6
19.c5 g5
20.Qe2xe3 gxf4
21.Qe3xf4 Nd7xe5
22.Nd5xf6 Qd8xf6
23.Rh1f1 Ne5xd3
24.Kd2 Qf6xf4
25.Rf1xf4 Nd3xf4
26.Rb1f1 Nf4g6
{ resign }
0-1

[Event "Match"]
[Site "www.echecsemail.com"]
[Date "2015.11.11"]
[Round "1"]
[White "Genius7"]
[Black "Kevinking"]
[WhiteElo "1730"]
[BlackElo "1530"]
[Result "1/2-1/2"]
[Round "1"]
1.d4 Ng8f6
2.c4 g6
3.Nb1c3 Bf8g7
4.e4 d6
5.h3 O-O
6.Bc1e3 e5
7.dxe5 dxe5
8.Qd1xd8 Rf8xd8
9.Ra1d1 Rd8xd1
10.Kxd1 c6
11.Ng1f3 Nb8d7
12.Bf1e2 b6
13.Kc2 Bc8b7
14.Rh1d1 Kf8
15.a3 Ra8e8
16.g4 Nd7c5
17.Be3xc5 bxc5
18.g5 Nf6h5
19.Nc3a4 Nh5f4
20.Be2f1 { draw }
1/2-1/2

[Event "Match"]
[Site "www.echecsemail.com"]
[Date "2015.11.11"]
[Round "1"]
[White "Wilddog"]
[Black "Rocio"]
[WhiteElo "1460"]
[BlackElo "1949"]
[Result "0-1"]
[Round "1"]
1.e4 e5
2.Nb1c3 Bf8b4
3.Ng1f3 f5
4.Nf3xe5 Ng8f6
5.exf5 d6
6.Ne5c4 Bc8xf5
7.Bf1d3 Bf5xd3
8.cxd3 O-O
9.O-O Qd8d7
10.a3 Bb4c5
11.b4 Bc5d4
12.a4 Nf6g4
13.Bc1b2 Ng4xf2
14.Qd1e2 Nf2xd3
15.Nc4e3 Rf8xf1
16.Ra1xf1 Nd3xb2
17.a5 Nb8c6
18.Nc3d5 Ra8e8
19.b5 Nc6xa5
20.Qe2f3 Na5c4
21.Qf3f4 Nc4xe3
22.dxe3 Bd4e5
23.Qf4b4 Nb2d3
24.Qb4b1 Nd3c5
25.e4 Be5d4
26.Kh1 Nc5xe4
27.Qb1c2 Ne4f2
28.Kg1 Nf2g4
29.Kh1 c6
30.bxc6 bxc6
31.Nd5b4 Ng4f2
32.Rf1xf2 Re8e1
33.Rf2f1 Re1xf1
{ resign }
0-1